| 000 | 00766nam a2200217Ii 4500 | ||
|---|---|---|---|
| 003 | JO-AjNU | ||
| 008 | 230605s9999||||xx |||||||||||||| ||und|| | ||
| 017 | _a2021/9/5504 | ||
| 020 | _a978-9957-91-887-3 | ||
| 040 |
_aJO-AjNU _bara _erda _cJO-AjNU |
||
| 041 | _aara | ||
| 050 | 1 | 4 | _aP96.2021 |
| 100 | 3 |
_aالزعبي، عدنان سعد, _eauthor _963448 |
|
| 245 | 0 | 0 | _aالتربية الاعلامية ودور علم النفس السيبراني |
| 250 | _aط1 | ||
| 300 | _a277ص | ||
| 336 |
_atext _btxt _2rdacontent |
||
| 337 |
_aunmediated _bn _2rdamedia |
||
| 338 |
_avolume _bnc _2rdacarrier |
||
| 650 | 4 |
_aالتربية الاعلامية-الاعلام الرقمي-التكنولوجيا الحديثة-علم النفس السيبراني _963449 |
|
| 999 |
_aA28781 _c32349 _d32349 |
||